000 00423 a2200157 4500
999 _c4411
_d4411
020 _a9780071220033
050 0 0 _aQA154.2 COB 2010
100 _aCoburn, John
_eauthor
245 0 0 _aCollege algebra /
_cJohn Coburn
250 _a2nd ed
264 _aBoston:
_bMcGraw hill.,
_c2010
300 _axxxviii., 759 pgs
_billus.
500 _alncludes index and bibliography
650 0 _aAlgebra.
942 _2lcc
_cBK
_h154.2
_iCOB
_kQA